Légumes en espagnol - Statistiques

Statistiques générales
  • Ce quiz a été pris 333 fois
  • Le résultat moyen est 9 sur 16
Statistiques - réponses
Mot Réponse % Correct
El tomate La tomate
100%
La ensalada La salade
96%
El col Le chou
83%
La zanahoria La carotte
81%
La calabaza Le potiron
70%
La cebolla L'oignon
69%
El pepino Le concombre
57%
El calabacin La courgette
56%
El aceituna L'olive
50%
La berenjena L'aubergine
49%
Las judias verdes Les haricots verts
49%
El nabo Le navet
48%
La coliflor Le choux-fleur
34%
Los guisantes Les petits pois
27%
La remolacha La betterave
22%
El apio Le céléri
22%
Aucun quiz correspondant
Distribution des résultats
% des personnes avec chaque résultat
Percentile par nombre de réponses
Votre historique - résultats
Vous n’avez pas pris ce quiz